Von Dutch - Charli xcx - All Lyrics - Statistics

General Stats
  • This quiz has been taken 207 times
  • The average score is 312 of 378
Answer Stats
Answer % Correct
Dutch,
99%
I
99%
Von
99%
you
98%
You
98%
that
97%
your
96%
Your
96%
I'm
93%
I’m
93%
it,
93%
it
93%
just
93%
me
93%
me,
93%
on
93%
you're
93%
You’re
93%
admit
92%
It's
92%
It’s
92%
it's
92%
of
91%
jealous
90%
number
90%
okay
90%
one
90%
one,
90%
the
90%
life
88%
living
88%
to
88%
up
84%
classic,
82%
classic
82%
obvious
82%
obvious,
82%
Yeah,
81%
yeah
81%
yeah,
81%
hands
78%
put
78%
but
76%
he
73%
(He's
73%
so
72%
still
72%
'cause
70%
money,
70%
cult
69%
street
69%
be
68%
fantasy
68%
alright
67%
confess
67%
get
67%
pop
66%
about
64%
heard
64%
talk
64%
know
61%
little
59%
mad
59%
obsessing,
59%
word
59%
because
57%
famous
57%
famous)
57%
that's
56%
in
55%
secret,
53%
fuck
51%
unless
50%
shut
48%
shut)
48%
won't
47%
bank's
45%
(Bank's
45%
Do
44%
Why
41%
eardrums
39%
lying?
39%
dance,
33%
nameless
32%
you'd
30%
without
28%
No matching quizzes found
Score Distribution
Percent of People with Each Score
Percentile by Number Answered
Your Score History
You have not taken this quiz